Folklore infantil en la educación
Salvato in:
| Autore principale: | |
|---|---|
| Natura: | Libro |
| Lingua: | spagnolo |
| Pubblicazione: |
Santiago
Andrés Bello
1994
|
| Edizione: | 1a. ed |
| Soggetti: | |
| Tags: |
Aggiungi Tag
Nessun Tag, puoi essere il primo ad aggiungerne!!
|
MARC
| LEADER | 00000nam a2200000 a 4500 | ||
|---|---|---|---|
| 001 | UCN3670 | ||
| 003 | CL-VaPUC | ||
| 008 | 010706e19940000CL |||||||||||||||||spa|d | ||
| 020 | |a 9561312530 | ||
| 082 | 0 | 4 | |a 398 |b PEÑ |2 21 |
| 100 | 0 | |a Peña Muñoz, Manuel |e author |9 460252 | |
| 245 | 1 | 0 | |a Folklore infantil en la educación |
| 250 | |a 1a. ed | ||
| 300 | |a 120 p | ||
| 942 | |c BK | ||
| 945 | |d 20010706 00:00:00 |a vberengu | ||
| 260 | |a Santiago |b Andrés Bello |c 1994 | ||
| 650 | 7 | |a FOLKLORE |2 CL-VaPUC |9 268291 | |
| 650 | 0 | |a Métodos de enseñanza |9 270413 | |
| 650 | 0 | |a Educación básica |9 224933 | |
| 650 | 0 | |a Cultura popular |9 307504 | |
| 650 | 0 | |a Costumbres y tradiciones |9 268292 | |
| 650 | 0 | |a Literatura folklórica |9 306605 | |
| 583 | |a last modification |c 20170829 04:15:40 |k Rodrigo Vera | ||
| 999 | |c 296458 |d 296456 | ||
| 952 | |0 0 |1 0 |4 0 |6 398_000000000000000_PEÑ_1994 |7 0 |8 A |9 350236 |a BIBEDU |b BIBEDU |d 2019-11-20 |i 3733874 |l 1 |o 398 PEÑ 1994 |p 3733874 |r 2023-01-12 |s 2020-03-04 |w 2019-11-20 |y BK |k MUS | ||